Movies at the Half-Hour Mark (2000s) Quiz Stats

 Plays Quiz Updated Apr 13, 2017

Support Sporcle.
Go Orange.
Score 0/20 Timer 05:00
1 Play Today
% Correct
Avatar
99.5%
The Dark Knight
94.6%
Napoleon Dynamite
84%
Superbad
81.6%
Brokeback Mountain
67.1%
Coraline
63.9%
The Hurt Locker
63.6%
Amélie
59.7%
Training Day
55.2%
Mean Girls
54.1%
% Correct
Almost Famous
49.4%
The Departed
48.2%
Old School
36.9%
Lost in Translation
35.8%
Punch-Drunk Love
25.4%
The Royal Tenenbaums
23.1%
Eternal Sunshine of the Spotless Mind
22.9%
Adaptation
19.9%
Best in Show
19.5%
Zodiac
8.4%

You're not logged in!

Compare scores with friends on all Sporcle quizzes.
OR
Log In
Forgot?

From the Vault

One Tree Hill Characters

by rayray08

Where nothing ever changed until one Sporcler changed everything.
Remove Ads.
Support Sporcle.
Get the best of Sporcle when you Go Orange. This ad-free experience offers more features, more stats, and more fun while also helping to support Sporcle. Thank you for becoming a member.

Show Comments

Extras

Top Quizzes Today


Score Distribution

Your Account Isn't Verified!

In order to create a playlist on Sporcle, you need to verify the email address you used during registration. Go to your Sporcle Settings to finish the process.

Report this User

Report this user for behavior that violates our Community Guidelines.

Details: